000 00531nam a2200181Ia 4500
008 240729s9999 xx 000 0 und d
022 _a1069-1898
245 0 _aJournal of Statistics Education
260 _aUnited States
260 _bTaylor & Francis Group
650 _a Mathematics
650 _a Probabilities. Mathematical statistics
650 _a Special aspects of education | Science
650 _aEducation
856 _uhttps://doaj.org/toc/257904585f5c46bc93af2114834e9450
942 _2ddc
942 _cDOAJEJ
999 _c73173
_d73173
945 _a1
_bMadushi Gamage
_c1
_dMadushi Gamage